The importance of community music in society

Community music is a multifaceted phenomenon that fosters collaboration, social cohesion, and cultural expression through active music engagement within diverse communities. Community music-making is best understood as an inclusive, participatory practice that has the power to transform social dynam...

Teljes leírás

Elmentve itt :
Bibliográfiai részletek
Szerző: Asztalos Andrea
Dokumentumtípus: Cikk
Megjelent: 2025
Sorozat:STUDIA UNIVERSITATIS BABES-BOLYAI SERIES MUSICA 70 No. 4
Tárgyszavak:
doi:10.24193/subbmusica.2025.spiss4.11

mtmt:36833239
Online Access:http://publicatio.bibl.u-szeged.hu/38631
LEADER 01609nab a2200217 i 4500
001 publ38631
005 20260110094608.0
008 260110s2025 hu o 000 eng d
022 |a 1844-4369 
024 7 |a 10.24193/subbmusica.2025.spiss4.11  |2 doi 
024 7 |a 36833239  |2 mtmt 
040 |a SZTE Publicatio Repozitórium  |b hun 
041 |a eng 
100 1 |a Asztalos Andrea 
245 1 4 |a The importance of community music in society  |h [elektronikus dokumentum] /  |c  Asztalos Andrea 
260 |c 2025 
300 |a 173-188 
490 0 |a STUDIA UNIVERSITATIS BABES-BOLYAI SERIES MUSICA  |v 70 No. 4 
520 3 |a Community music is a multifaceted phenomenon that fosters collaboration, social cohesion, and cultural expression through active music engagement within diverse communities. Community music-making is best understood as an inclusive, participatory practice that has the power to transform social dynamics within communities. The literature presents the multifaceted dimensions and potential of community music-making, showing its ability to promote not only artistic expression, but also social coherence, personal growth, and community development. This synthesis of literature underscores the potential for community music to serve as a catalyst for positive change in music education practices, focussing on communal engagement and empowerment rather than solely individual treatment. 
650 4 |a Művészetek (művészetek, művészettörténet, előadóművészetek, zene) 
856 4 0 |u http://publicatio.bibl.u-szeged.hu/38631/1/AsztalosAndrea_THEIMPORTANCEOFCOMMUNITYMUSICINSOCIETY.pdf  |z Dokumentum-elérés